<?xml version="1.0" encoding="UTF-8"?>
<collection xmlns="http://www.loc.gov/MARC21/slim">
 <record>
  <leader>01404nam a2200301 a 4500</leader>
  <controlfield tag="001">14981210</controlfield>
  <controlfield tag="003">BD-DhAAL</controlfield>
  <controlfield tag="008">090722s2007    bg a     b   i000 0 eng d</controlfield>
  <datafield tag="010" ind1=" " ind2=" ">
   <subfield code="a">  2007340086</subfield>
  </datafield>
  <datafield tag="040" ind1=" " ind2=" ">
   <subfield code="a">DLC</subfield>
   <subfield code="c">DLC</subfield>
   <subfield code="d">BD-DhAAL</subfield>
  </datafield>
  <datafield tag="082" ind1="0" ind2="0">
   <subfield code="a">306/.09549/2</subfield>
   <subfield code="2">2</subfield>
  </datafield>
  <datafield tag="245" ind1="0" ind2="0">
   <subfield code="a">To the MDGs and beyond :</subfield>
   <subfield code="b">accountability and institutional innovation in Bangladesh.</subfield>
  </datafield>
  <datafield tag="260" ind1=" " ind2=" ">
   <subfield code="a">Dhaka :</subfield>
   <subfield code="b">World Bank Office ;</subfield>
   <subfield code="a">Washington DC :</subfield>
   <subfield code="b">World Bank,</subfield>
   <subfield code="c">2007.</subfield>
  </datafield>
  <datafield tag="300" ind1=" " ind2=" ">
   <subfield code="a">xxiii, 68 pages :</subfield>
   <subfield code="b">col. illustrations ;</subfield>
   <subfield code="c">29 cm.</subfield>
  </datafield>
  <datafield tag="490" ind1="0" ind2=" ">
   <subfield code="a">Bangladesh development series ;</subfield>
   <subfield code="v">paper no. 14</subfield>
  </datafield>
  <datafield tag="490" ind1="0" ind2=" ">
   <subfield code="a">Document of the World Bank</subfield>
  </datafield>
  <datafield tag="504" ind1=" " ind2=" ">
   <subfield code="a">Includes bibliographical references (p. 63-66).</subfield>
  </datafield>
  <datafield tag="526" ind1=" " ind2=" ">
   <subfield code="x">Salim khan
Sr. program Associate
James P. Grant School.
Course name and no. N/A</subfield>
  </datafield>
  <datafield tag="541" ind1="1" ind2=" ">
   <subfield code="a">A H Development publishing house</subfield>
   <subfield code="e">00018477</subfield>
  </datafield>
  <datafield tag="650" ind1=" " ind2="0">
   <subfield code="a">Social indicators</subfield>
   <subfield code="z">Bangladesh.</subfield>
   <subfield code="9">57864</subfield>
  </datafield>
  <datafield tag="651" ind1=" " ind2="0">
   <subfield code="a">Bangladesh</subfield>
   <subfield code="x">Social conditions.</subfield>
  </datafield>
  <datafield tag="651" ind1=" " ind2="0">
   <subfield code="a">Bangladesh</subfield>
   <subfield code="x">Economic conditions.</subfield>
  </datafield>
  <datafield tag="710" ind1="2" ind2=" ">
   <subfield code="a">World Bank.</subfield>
   <subfield code="b">Bangladesh Dhaka Office.</subfield>
  </datafield>
  <datafield tag="710" ind1="2" ind2=" ">
   <subfield code="a">World Bank.</subfield>
  </datafield>
  <datafield tag="852" ind1="4" ind2=" ">
   <subfield code="a">SPH</subfield>
   <subfield code="j">General Shelf.</subfield>
  </datafield>
  <datafield tag="942" ind1=" " ind2=" ">
   <subfield code="2">ddc</subfield>
   <subfield code="c">BK</subfield>
  </datafield>
  <datafield tag="999" ind1=" " ind2=" ">
   <subfield code="c">2702</subfield>
   <subfield code="d">2702</subfield>
  </datafield>
  <datafield tag="952" ind1=" " ind2=" ">
   <subfield code="0">0</subfield>
   <subfield code="1">0</subfield>
   <subfield code="2">ddc</subfield>
   <subfield code="4">0</subfield>
   <subfield code="6">306_095492000000000_TOT</subfield>
   <subfield code="7">0</subfield>
   <subfield code="9">2481</subfield>
   <subfield code="a">JPGSPH</subfield>
   <subfield code="b">JPGSPH</subfield>
   <subfield code="d">2009-04-29</subfield>
   <subfield code="e">A H Development Publishing House.</subfield>
   <subfield code="g">7800.00</subfield>
   <subfield code="l">0</subfield>
   <subfield code="o">306.095492 TOT</subfield>
   <subfield code="p">3060018477</subfield>
   <subfield code="r">2009-07-22</subfield>
   <subfield code="t">1</subfield>
   <subfield code="w">2009-07-22</subfield>
   <subfield code="y">BK</subfield>
   <subfield code="x">Requisitioned by Salim khan, Sr. program Associate, James P. Grant School. Course name and no. N/A</subfield>
  </datafield>
 </record>
</collection>
